| 000 | 00957nam a2200205 i 4500 | ||
|---|---|---|---|
| 001 | 38403 | ||
| 003 | ES-MaACL | ||
| 005 | 20260127062526.0 | ||
| 007 | t| | ||
| 008 | 030225s1948 sp ||||1| spa d | ||
| 100 | 1 |
_aCallejo de la Cuesta, Eduardo. _933737 |
|
| 245 | 1 | 0 |
_aRelaciones del derecho positivo con el derecho natural _b: discurso leído el día 31 de mayo de 1948, en su recepción pública / _cpor Eduardo Callejo de la Cuesta y contestación de Eduardo Aunós ; [bosquejo biográfico del nuevo académico y breve resumen del tema tratado por él]. |
| 260 |
_aMadrid : _b[s.n., _c1948] ( _fImp. Viuda Galo Sèz) |
||
| 300 |
_a89 p. ; _c24 cm. |
||
| 500 | _aPrecede al tít.: Real Academia de Jurisprudencia y Legislación. | ||
| 700 | 1 |
_aAunós Pérez, Eduardo, _d1894-1967 _923920 |
|
| 700 |
_aReal Academia de Jurisprudencia y Legislación de España _9217612 |
||
| 852 |
_aES-MaACL _j1885-F-10 _bR.25960 |
||
| 999 |
_c38403 _d38403 |
||